Responses for Show #1750 - Friday, March 20, 1992

Contestants

[<< previous game]

Thom Stark, a senior research analyst from El Cerrito, California

Mary Kruszewski, a resident physician from Philadelphia, Pennsylvania

Alicia Huntley, a registered nurse from Arleta, California

[next game >>]

Jeopardy! Round responses

U.S. GEOGRAPHY
COLORS
HERMITS & RECLUSES
1953
POP MUSIC
FOREIGN WORDS & PHRASES
    $100 24
Indiana

Thom
    $100 1
red

Mary
    $100 17
a hermit crab

Thom
    $100 3
Ohio

Alicia
    $100 7
Bangor, Maine

Thom
    $100 10
no smoking

Mary
    $200 27
San Francisco, California

Thom
    $200 2
black

Thom
    $200 18
a Crusade

Mary
    $200 8
Stalin

Thom
    $200 22
your kiss

Mary
    $200 11
Bach

Mary
    $300 28
Montana

Mary
    $300 4
purple

Mary
    $300 19
Greta Garbo

Mary
    $300 9
Life

Alicia
    $300 23
Yentl

Alicia
    $300 12
children

Alicia
    $400 29
(Alicia: What is New Orleans, Louisiana?)
...
(Alex: New Orleans is not the capital.)

Honolulu, Hawaii

AliciaThom
    $400 5
taupe

Alicia
    $400 20
Francis of Assisi

Mary
    $400 14
Chief Sitting Bull

Alicia
    $400 25
Jose Feliciano & Jim Morrison

Thom
    $400 13
tempera

Thom
    $500 30
Narragansett

Alicia
    $500 6
yellow

Mary
    $500 21
(Thomas) Pynchon

Thom
    $1,400 16
the Piltdown Man

Thom
    $500 26
"Bette Davis Eyes"

Mary
    $500 15
jodhpurs

Thom

Scores at the first commercial break (after clue 16):

Alicia Mary Thom
$1,500 $1,200 $2,800

Scores at the end of the Jeopardy! Round:

Alicia Mary Thom
$1,900 $3,100 $4,500

Double Jeopardy! Round responses

THE CIVIL WAR
FUNGI
THE CALENDAR
FAMOUS PORTRAITS
ISLANDS
COMPOSERS
    $200 18
Sherman

Mary
    $200 1
potatoes

Mary
    $200 6
the Sun & the Moon

Thom
    $200 22
van Gogh

Thom
    $200 11
Alaska

Thom
    $200 14
Mendelssohn

Mary
    $400 23
[Thom gave both responses.]

bread (or biscuit)

Thom
    $400 2
yeast

Thom
    $400 7
July

Mary
    $400 27
Marie Antoinette

Mary
    $400 12
the Gulf of St. Lawrence

Triple Stumper
    $400 15
a soldier

Thom
    $600 24
George Washington

Thom
    $600 3
truffles

Mary
    $600 8
the Jewish calendar

Alicia
    $600 28
Boston

Triple Stumper
    $600 13
the United Nations

Alicia
    $600 19
Mozart's father

Alicia
    $800 25
(Alicia: Who is Napoleon?)
(Alex: Be more specific.)
(Alicia: Napoleon Bonaparte I?)

Napoleon III

AliciaThom
    $800 4
a shiitake

Thom
    $800 9
winter

Thom
    $800 29
(Alicia: Who is Charles II?)

Charles I

Alicia
Triple Stumper
    $800 16
(Thom: Uh, what is Sweden?)
...
(Alex: Thom is nodding and realizes he should have said...)
(Thom: [*]?)

Norway

Thom
Triple Stumper
    $800 20
Diaghilev

Alicia
    $500 26
Tennessee

Thom
    $1000 5
mycology

Thom
    $1000 10
the pig

Thom
    $3,000 30
Rubens

Mary
    $1000 17
(Alicia: What are the Jersey Islands?)
(Thom: What are the Shetlands?)

the Channel Islands

AliciaThom
Triple Stumper
    $1000 21
Sibelius

Mary

Scores at the end of the Double Jeopardy! Round:

Alicia Mary Thom
$1,900 $9,100 $10,000

[wagering suggestions for these scores]

Final Jeopardy! Round responses

POETRY
AliciaWhat is Hiawatha
$1,900
MaryWhat is
$5,000
ThomWhat is The Star-Spangled Banner
$8,201
"The Star-Spangled Banner"

Final scores:

Alicia Mary Thom
$0 $4,100 $18,201
3rd place: Roosevelt Ranch Resort desserts + Nintendo Entertainment System with Super Jeopardy! & Wheel of Fortune + InfoGenius for Game Boy 2nd place: stay at Solvang Holiday Inn + transportation by Carey Limousine New champion: $18,201

Game dynamics:

Coryat scores:

Alicia Mary Thom
$1,900 $7,100 $9,600
11 R,
4 W
19 R
(including 1 DD),
0 W
25 R
(including 2 DDs),
2 W

Combined Coryat: $18,600

[game clues] [game scores] [suggest correction]

Game tape date: 1991-12-04
The J! Archive is created by fans, for fans. Scraping, republication, monetization, and malicious use prohibited; this site may use cookies and collect identifying information. See terms. The Jeopardy! game show and all elements thereof, including but not limited to copyright and trademark thereto, are the property of Jeopardy Productions, Inc. and are protected under law. This website is not affiliated with, sponsored by, or operated by Jeopardy Productions, Inc. Join the discussion at JBoard.tv.